The complete human body : (Record no. 791)

MARC details
000 -LEADER
fixed length control field 01871cam a22003617a 4500
005 - DATE AND TIME OF LATEST TRANSACTION
control field 20260322212034.0
008 - FIXED-LENGTH DATA ELEMENTS--GENERAL INFORMATION
fixed length control field data
010 ## - LIBRARY OF CONGRESS CONTROL NUMBER
LC control number 2010282438
020 ## - INTERNATIONAL STANDARD BOOK NUMBER
International Standard Book Number 9780756667337
020 ## - INTERNATIONAL STANDARD BOOK NUMBER
International Standard Book Number 075666733X
040 ## - CATALOGING SOURCE
Original cataloging agency BTCTA
Language of cataloging eng
Transcribing agency BTCTA
Modifying agency DLC
-- DPL
-- WL8
-- DLC
042 ## - AUTHENTICATION CODE
Authentication code lccopycat
050 00 - LIBRARY OF CONGRESS CALL NUMBER
Classification number QM25
Item number .C66 2010
082 04 - DEWEY DECIMAL CLASSIFICATION NUMBER
Classification number 612
Edition information 22
092 ## - LOCALLY ASSIGNED DEWEY CALL NUMBER (OCLC)
Classification number 612 C66 2010
001 - CONTROL NUMBER
control field data
245 14 - TITLE STATEMENT
Title The complete human body :
Remainder of title the definitive visual guide /
Statement of responsibility, etc. Alice M. Roberts.
250 ## - EDITION STATEMENT
Edition statement 1st American ed.
260 ## - PUBLICATION, DISTRIBUTION, ETC.
Place of publication, distribution, etc. New York, N.Y. :
Name of publisher, distributor, etc. DK Publishing,
Date of publication, distribution, etc. 2010.
300 ## - PHYSICAL DESCRIPTION
Extent 512 p. :
Other physical details col. ill. ;
Dimensions 31 cm. +
Accompanying material 1 DVD-ROM ; 4 3/4 in.
500 ## - GENERAL NOTE
General note Includes index.
505 0# - FORMATTED CONTENTS NOTE
Formatted contents note The integrated body -- Anatomy -- How the body works -- Life cycle -- Diseases and disorders.
520 ## - SUMMARY, ETC.
Summary, etc. "Understand the human body as never before, from the smallest components of a cell to complex body systems. Explore human anatomy in incredible detail and clarity through virtually life-size 3-D illustrations and scans. Discover how the body works, how it changes from infancy to old age, and what can go wrong and why"--Cover, P. [4].
650 #0 - SUBJECT ADDED ENTRY--TOPICAL TERM
Topical term or geographic name entry element Human anatomy
Form subdivision Pictorial works.
650 #0 - SUBJECT ADDED ENTRY--TOPICAL TERM
Topical term or geographic name entry element Human body
Form subdivision Pictorial works.
650 #0 - SUBJECT ADDED ENTRY--TOPICAL TERM
Topical term or geographic name entry element Human physiology
Form subdivision Pictorial works.
700 1# - ADDED ENTRY--PERSONAL NAME
Personal name Roberts, Alice M.
856 42 - ELECTRONIC LOCATION AND ACCESS
Materials specified Contributor biographical information
Uniform Resource Identifier <a href="http://www.loc.gov/catdir/enhancements/fy1101/2010282438-b.html">http://www.loc.gov/catdir/enhancements/fy1101/2010282438-b.html</a>
856 42 - ELECTRONIC LOCATION AND ACCESS
Materials specified Publisher description
Uniform Resource Identifier <a href="http://www.loc.gov/catdir/enhancements/fy1101/2010282438-d.html">http://www.loc.gov/catdir/enhancements/fy1101/2010282438-d.html</a>
906 ## - LOCAL DATA ELEMENT F, LDF (RLIN)
a 7
b cbc
c copycat
d 2
e ncip
f 20
g y-gencatlg
925 0# -
-- acquire
-- 2 shelf copies
-- policy default
955 ## - COPY-LEVEL INFORMATION (RLIN)
-- xh06 2012-01-20 2 copies to M.Lynch MBRS for DVD
-- vk67 2012-01-23 books, c1-2, , with accompanying electronic resources, to BCCD , then MRC
Holdings
Withdrawn status Lost status Damaged status Not for loan Home library Current library Shelving location Date acquired Total checkouts Full call number Barcode Date last seen Price effective from Koha item type
        Centerville Centerville General stacks 22/03/2026   612 22 BC0010814 22/03/2026 22/03/2026 Books